| 000 | 01203nam a2200253Ia 4500 | ||
|---|---|---|---|
| 999 |
_c52994 _d52994 |
||
| 001 | 20025 | ||
| 003 | GE_BSU | ||
| 005 | 20200602201221.0 | ||
| 008 | 181216s||||||||xx |||||||||||||| ||und|| | ||
| 020 | _aISBN 978-9941-0-0326-4 | ||
| 040 | _cGE_BSU | ||
| 041 | _ageo | ||
| 080 | _a811.353.1'01(075.8) ს-33 | ||
| 100 |
_aსაღინაძე, რუსუდან _98280 |
||
| 245 |
_aძველი ქართული ენა (V-XI საუკუნეები) : _b[სახელმძღვ.] / _cრუსუდან საღინაძე ; რედ. დამანა მელიქიშვილი. |
||
| 264 |
_aთბილისი : _b[შპს გაზეთ "საქ. მაცნეს" სტ.], _c2008. |
||
| 300 |
_a276 გვ. ; _c21 სმ |
||
| 541 | _h8ლ. | ||
| 653 | _aქართული ენა | ||
| 653 | _aძველი ქართული ენა | ||
| 653 | _a სახელმძღვანელოები უმაღლესი სასწავლებლებისათვის | ||
| 700 |
_a მელიქიშვილი, დამანა _eრედაქტორი _98281 |
||
| 942 |
_cBK _2udc |
||